Etiqueta de registo: 00694cas 022002411 04500
001 101320
003 http://id.bnportugal.gov.pt/bib/catbnp/101320
005 20020108103400.0
095 ## $aPTBN00105384
100 ## $a19761201b19751977m y0pora0103 ba
101 0# $apor
102 ## $aPT
200 1# $a A Voz de Canedo$eJornal mensal ao serviço do povo$fdir. Manuel Pedrosa
210 #9 $aCanedo, Feira$c[s.n.,$d1975?)-1977
215 ## $d49 cm
303 ## $aDescrição baseada em: 10 (Nov. 1975)
606 ## $aInformação regional$2BNP$31092425
675 ## $a070$vmed$zpor$3821013
702 #1 $aPedrosa,$bManuel$4300$3322461
801 #0 $aPT$bBN$gRPC
966 ## $lBN$mFGJOR$sJ. 3694 V.
Etiqueta de registo: 00000nkm 2200025 450
001 2271608
003 http://id.bnportugal.gov.pt/bib/catbnp/2271608
100 ## $a20260225f1983 m y0pory01030103ba
101 0# $apor
102 ## $aPT
200 1# $a O ruído é um inimigo a evitar, ruidos e ratos que sofrimento!, o ruído mata que
se farta$bVisual gráfico]$fDirecção Geral de Higiene e Segurança do Trabalho$gPetroquímica e Gás de Portugal$gManuel Pedrosa
210 #9 $a[Lisboa]$cDirecção Geral de Higiene e Segurança do Trabalho,$d[1983?]$e[S.l.] :$gOficinas Gráficas - SICT/MT )
215 ## $a1 cartaz$ccolor.$d42x30,5 cm
306 ## $aDatação em conformidade com as características formais do documento
317 ## $aColeção Madeira Luís
702 #1 $aPedrosa,$bManuel$4410$3322461
710 01 $aPortugal.$bMinistério do Emprego e da Segurança Social.$bDirecção Geral de Higiene e Segurança do Trabalho$3205459
712 01 $aPortugal.$bPetroquímica e Gás de Portugal$313808
801 #0 $aPT$bBN$gRPC
966 ## $lBN$mICONOG$sCT. 14851 V.$x3
971 ## $cCaticonografia6$d20260225
995 ## $aPRR2026 $d20260225$iCaticonografia6